広島県の市町村(1960年) - Statistics

General Stats
  • This quiz has been taken 73 times
  • The average score is 73 of 110
Answer Stats
No. 市町村 備考 % Correct
1 広島市 1980年政令指定
100%
2 呉市
97%
8 福山市
94%
4 三原市
91%
5 尾道市
91%
10 三次市
91%
11 庄原市
91%
3 竹原市
88%
6 因島市 2006年消滅
84%
12 大竹市
84%
14 安芸郡 府中町
84%
22 安芸郡 江田島町 2004年消滅
84%
31 佐伯郡 佐伯町 1982年改称
84%
58 賀茂郡 西条町 1974年消滅
84%
82 世羅郡 世羅町
84%
9 府中市
81%
16 安芸郡 海田町
81%
19 安芸郡 熊野町
81%
21 安芸郡 坂町
81%
27 佐伯郡 五日市町 1985年消滅
81%
33 佐伯郡 宮島町 2005年消滅
81%
87 深安郡 神辺町 2006年消滅
81%
28 佐伯郡 廿日市町 1988年昇格
78%
30 佐伯郡 湯来町 2005年消滅
78%
34 佐伯郡 能美町 2004年消滅
78%
73 豊田郡 大崎町 2003年消滅
78%
94 神石郡 神石町 2004年消滅
78%
97 甲奴郡 上下町 2004年消滅
78%
107 比婆郡 東城町 2005年消滅
78%
7 松永市 1966年消滅
75%
23 安芸郡 音戸町 2005年消滅
75%
41 安佐郡 安佐町 1971年消滅
75%
77 御調郡 御調町 2005年消滅
75%
83 世羅郡 世羅西町 2004年消滅
75%
85 沼隈郡 沼隈町 2005年消滅
75%
99 甲奴郡 甲奴町 2004年消滅
75%
106 比婆郡 西城町 2005年消滅
75%
13 安芸郡 安芸町 1974年消滅
72%
26 安芸郡 蒲刈町 2005年消滅
72%
29 佐伯郡 大野町 2005年消滅
72%
51 高田郡 吉田町 2004年消滅
72%
59 賀茂郡 黒瀬町 2005年消滅
72%
68 豊田郡 安芸津町 2005年消滅
72%
72 豊田郡 豊町 2005年消滅
72%
76 豊田郡 瀬戸田町 2006年消滅
72%
92 芦品郡 新市町 2003年消滅
72%
24 安芸郡 倉橋町 2005年消滅
69%
37 安佐郡 祇園町 1972年消滅
69%
53 高田郡 美土里町 2004年消滅
69%
56 高田郡 向原町 2004年消滅
69%
67 豊田郡 本郷町 2005年消滅
69%
69 豊田郡 安浦町 2005年消滅
69%
20 安芸郡 矢野町 1975年消滅
66%
32 佐伯郡 吉和村 2003年消滅
66%
42 安佐郡 可部町 1972年消滅
66%
44 山県郡 加計町 2004年消滅
66%
47 山県郡 芸北町 2005年消滅
66%
60 賀茂郡 八本松町 1974年消滅
66%
75 豊田郡 木江町 2003年消滅
66%
80 御調郡 向島町 2005年消滅
66%
81 世羅郡 甲山町 2004年消滅
66%
84 沼隈郡 内海町 2003年消滅
66%
96 神石郡 三和町 2004年消滅
66%
104 双三郡 三良坂町 2004年消滅
66%
105 双三郡 三和町 2004年消滅
66%
46 山県郡 戸河内町 2004年消滅
63%
48 山県郡 大朝町 2005年消滅
63%
49 山県郡 千代田町 2005年消滅
63%
66 賀茂郡 高屋町 1974年消滅
63%
78 御調郡 久井町 2005年消滅
63%
109 比婆郡 高野町 2005年消滅
63%
17 安芸郡 瀬野川町 1973年消滅
59%
36 佐伯郡 大柿町 2004年消滅
59%
65 賀茂郡 河内町 2005年消滅
59%
70 豊田郡 川尻町 2004年消滅
59%
110 比婆郡 比和町 2005年消滅
59%
35 佐伯郡 沖美町 2004年消滅
56%
62 賀茂郡 福富町 2005年消滅
56%
93 神石郡 油木町 2004年消滅
56%
40 安佐郡 沼田町 1971年消滅
53%
45 山県郡 筒賀村 2004年消滅
53%
52 高田郡 八千代町 2004年消滅
53%
54 高田郡 高宮町 2004年消滅
53%
55 高田郡 甲田町 2004年消滅
53%
57 高田郡 白木町 1973年消滅
53%
63 賀茂郡 豊栄町 2005年消滅
53%
74 豊田郡 東野村 1964年昇格
53%
95 神石郡 豊松村 2004年消滅
53%
100 双三郡 君田村 2004年消滅
53%
108 比婆郡 口和町 2005年消滅
53%
18 安芸郡 熊野跡村 1974年消滅
50%
38 安佐郡 安古市町 1973年消滅
50%
39 安佐郡 佐東町 1973年消滅
50%
61 賀茂郡 志和町 1974年消滅
50%
64 賀茂郡 大和町 2005年消滅
50%
71 豊田郡 豊浜村 1969年昇格
50%
79 御調郡 向東町 1970年消滅
50%
91 芦品郡 駅家町 1975年消滅
50%
98 甲奴郡 総領町 2005年消滅
50%
103 双三郡 吉舎町 2004年消滅
50%
88 深安郡 加茂町 1975年消滅
47%
101 双三郡 布野村 2004年消滅
47%
15 安芸郡 船越町 1975年消滅
44%
25 安芸郡 下蒲刈島村 1962年昇格
44%
86 深安郡 深安町 1962年消滅
44%
90 芦品郡 芦田町 1974年消滅
44%
102 双三郡 作木村 2004年消滅
44%
43 安佐郡 高陽町 1973年消滅
38%
50 山県郡 豊平町 2005年消滅
38%
89 芦品郡 協和村 1975年消滅
31%
No matching quizzes found
Score Distribution
Percent of People with Each Score
Percentile by Number Answered
Your Score History
You have not taken this quiz